Balambhatti being a commentary by Balambhatta Payagunde on the Mitaksara of Sri Vijnaneswara on the Yajnavalkya- Smrti (v.1)/ (Record no. 4057)

000 -LEADER
fixed length control field 00495nam a22001571a 4500
020 ## - INTERNATIONAL STANDARD BOOK NUMBER
ISBN 9788121509794
082 ## - DEWEY DECIMAL CLASSIFICATION NUMBER
Classification number S 294.592 6
Item number GHA/B
245 ## - TITLE STATEMENT
Title Balambhatti being a commentary by Balambhatta Payagunde on the Mitaksara of Sri Vijnaneswara on the Yajnavalkya- Smrti (v.1)/
Statement of responsibility, etc by Gharpure J R(ed.)
260 ## - PUBLICATION, DISTRIBUTION, ETC. (IMPRINT)
Place of publication New Delhi:
Name of publisher Munshiram Manoharlal,
Year of publication 2000.
300 ## - PHYSICAL DESCRIPTION
Number of Pages 348p.
650 ## - SUBJECT ADDED ENTRY--TOPICAL TERM
Topical Term Dharmashastra
650 ## - SUBJECT ADDED ENTRY--TOPICAL TERM
Topical Term Hinduism
650 ## - SUBJECT ADDED ENTRY--TOPICAL TERM
Topical Term Religion
700 ## - ADDED ENTRY--PERSONAL NAME
Personal name Gharpure J R(ed.)
942 ## - ADDED ENTRY ELEMENTS (KOHA)
Koha item type Reference
Holdings
Withdrawn status Lost status Damaged status Not for loan Permanent Location Current Location Date acquired Cost, normal purchase price Full call number Accession Number Cost, replacement price Price effective from Koha item type
        Sree Sankaracharya University of Sanskrit Sree Sankaracharya University of Sanskrit 08.01.2015 0.00 S 294.592 6 GHA/B 035267 0.00 08.01.2015 Book
        Sree Sankaracharya University of Sanskrit Sree Sankaracharya University of Sanskrit 08.01.2015 0.00 S 294.592 6 GHA/B 035269 0.00 08.01.2015 Book
        Sree Sankaracharya University of Sanskrit Sree Sankaracharya University of Sanskrit 08.01.2015 0.00 R S 294.592 6 GHA/B 035268 0.00 08.01.2015 Reference